[Event "Hastings Masters"]
[Site "Hastings"]
[Date "2011.01.03"]
[Round "7.30"]
[White "Kelly, Paul J"]
[Black "Franklin, Samuel G A"]
[Result "0-1"]
[WhiteElo "1946"]
[BlackElo "2185"]
[PlyCount "64"]
[EventDate "2010.12.28"]

1. e4 c5 2. a3 g6 3. d4 cxd4 4. c3 dxc3 5. Nxc3 Bg7 6. Nf3 Nc6 7. Bc4 Nf6 8. e5
Ng4 9. Bxf7+ Kxf7 10. Ng5+ Kg8 11. Qxg4 Bxe5 12. O-O d5 13. Qf3 Bf5 14. Qxd5+
Qxd5 15. Nxd5 Rd8 16. Ne3 Bc8 17. Nf3 Bf6 18. Rb1 Kf7 19. b4 e5 20. Bb2 Nd4 21.
Rfd1 Be6 22. Nd2 Bg7 23. h3 Rhf8 24. Ba1 Kg8 25. Kf1 Bd7 26. Ke1 Bb5 27. Ndc4
Rf4 28. Rdc1 Rdf8 29. Rb2 Ba4 30. g3 R4f7 31. Rc3 e4 32. Nd6 Nf3+ 0-1

[Event "Hastings Masters"]
[Site "Hastings"]
[Date "2011.01.03"]
[Round "7.37"]
[White "Bremner, Adam"]
[Black "De Coverly, Roger D"]
[Result "1-0"]
[WhiteElo "1912"]
[BlackElo "2091"]
[PlyCount "49"]
[EventDate "2010.12.28"]

1. g3 d5 2. Bg2 Nf6 3. c4 e6 4. Nf3 Be7 5. O-O O-O 6. d4 dxc4 7. Ne5 c5 8. dxc5
Qxd1 9. Rxd1 Bxc5 10. Nc3 a6 11. Nxc4 Nc6 12. Bxc6 bxc6 13. Ne5 Bb7 14. Nd7 Bb4
15. Nxf8 Kxf8 16. Bg5 h6 17. Bxf6 gxf6 18. a3 Be7 19. Rd7 Rb8 20. b4 f5 21.
Rad1 Bf6 22. Na4 a5 23. Nc5 Ba8 24. Ra7 axb4 25. Nd7+ 1-0

[Event "Hastings Masters"]
[Site "Hastings"]
[Date "2011.01.03"]
[Round "7.44"]
[White "Jelsen, Yemi"]
[Black "Ramstad, Havard"]
[Result "0-1"]
[WhiteElo "1967"]
[BlackElo "1793"]
[PlyCount "80"]
[EventDate "2010.12.28"]

1. d4 d5 2. c4 c6 3. Nc3 Nf6 4. Nf3 e6 5. e3 Nbd7 6. Qc2 Bd6 7. Bd3 dxc4 8.
Bxc4 b5 9. Bd3 Bb7 10. O-O a6 11. Rd1 Qe7 12. b3 O-O 13. Bb2 c5 14. Ng5 Bxh2+
15. Kxh2 Ng4+ 16. Kg3 Qxg5 17. f4 Qe7 18. Kxg4 f5+ 19. Kg3 cxd4 20. exd4 Rf6
21. Kf2 Rg6 22. g3 Rh6 23. Ke3 e5 24. dxe5 Rc8 25. Qe2 Nxe5 26. Kd2 Rh2 27.
fxe5 Qg5+ 28. Kc2 Rxe2+ 29. Bxe2 Be4+ 30. Bd3 b4 31. Rac1 Qxg3 32. Bxe4 fxe4
33. Kb1 bxc3 34. e6 Qe5 35. Rxc3 Qxe6 36. Re3 g5 37. Rd4 Re8 38. Rb4 Qd5 39.
Rd4 Qf5 40. Rc4 Rc8 0-1

[Event "Hastings Masters"]
[Site "Hastings"]
[Date "2011.01.03"]
[Round "7.47"]
[White "Hoare, Amy"]
[Black "Pooley, Mark"]
[Result "1-0"]
[WhiteElo "1921"]
[BlackElo "1778"]
[PlyCount "101"]
[EventDate "2010.12.28"]

1. e4 g6 2. d4 Bg7 3. Nc3 c6 4. Be3 d5 5. Qd2 dxe4 6. Nxe4 Bf5 7. Ng3 Be6 8.
Nf3 h6 9. h4 Nd7 10. Bd3 Bg4 11. Nh2 h5 {(=)} 12. Nxg4 hxg4 13. h5 f5 14. O-O-O
e6 15. hxg6 Qf6 16. Rxh8 Bxh8 17. Re1 Nc5 18. Bxf5 Ne7 19. Bg5 Qxd4 20. Qxd4
Bxd4 21. Bxe6 Nxg6 22. Bxg4+ Kf7 23. Bh5 Bf6 24. Bxf6 Kxf6 25. Ne4+ Nxe4 26.
Rxe4 Rh8 27. g4 Ne7 28. f4 Nd5 29. a3 b6 30. c4 Nc7 31. Re5 b5 32. g5+ Kg7 33.
Bf3 Kg6 34. Re7 Na6 35. Be4+ Kh5 36. Bxc6 bxc4 37. Rxa7 Nc5 38. Rf7 Nb3+ 39.
Kb1 Nd2+ 40. Kc2 Nb3 41. Kc3 Rd8 42. Bd7 Nc5 43. Bf5 Kh4 44. Bc2 Kg4 45. g6 Nd3
46. g7 Rg8 47. f5 Kg5 48. f6 Kg6 49. Rf8 Kh7 50. Bxd3+ cxd3 51. Kxd3 1-0

[Event "Hastings Masters"]
[Site "Hastings"]
[Date "2011.01.03"]
[Round "7.48"]
[White "Macrae, James S"]
[Black "Sargent, John"]
[Result "1/2-1/2"]
[WhiteElo "1763"]
[BlackElo "1770"]
[PlyCount "32"]
[EventDate "2010.12.28"]

1. d4 Nf6 2. Nc3 d5 3. Bg5 Nbd7 4. f3 e6 5. e4 dxe4 6. fxe4 h6 7. Bh4 Be7 8.
Nf3 O-O 9. Bc4 b6 10. Qd3 Ne8 11. Bxe7 Qxe7 12. O-O e5 13. Rad1 Bb7 14. g3 Nd6
15. Bb3 exd4 16. Qxd4 Nc5 1/2-1/2